Summary of the white paper on crime / 1997
| Medienart: | Druck Buch |
|---|---|
| Sprache: | Englisch |
| Veröffentlicht: |
1997
|
| In: |
Summary of the white paper on crime
Jahr: 1997 |
| Bestand in Tübingen: | In Tübingen vorhanden. IFK: H IV 21 |
| Verfügbarkeit prüfen: | HBZ Gateway |
| Subito Bestelldienst: | Jetzt bestellen. |
| Schlagwörter: |
MARC
| LEADER | 00000cam a2200000 cc4500 | ||
|---|---|---|---|
| 001 | 1418195170 | ||
| 003 | DE-627 | ||
| 005 | 20220530104908.0 | ||
| 007 | tu | ||
| 008 | 110803s1997 xx ||||| 00| ||eng c | ||
| 035 | |a (DE-627)1418195170 | ||
| 035 | |a (DE-576)348195176 | ||
| 035 | |a (DE-599)BSZ348195176 | ||
| 040 | |a DE-627 |b ger |c DE-627 |e rakwb | ||
| 041 | |a eng | ||
| 245 | 0 | 0 | |a Summary of the white paper on crime |n 1997 |
| 264 | 1 | |c 1997 | |
| 336 | |a Text |b txt |2 rdacontent | ||
| 337 | |a ohne Hilfsmittel zu benutzen |b n |2 rdamedia | ||
| 338 | |a Band |b nc |2 rdacarrier | ||
| 773 | 1 | 8 | |a Summary of the white paper on crime |w (DE-627)169129446 |w (DE-576)016224698 |w (DE-600)895266-8 |g 1997 |q 1997,1997 |7 nnas |
| 935 | |h SWB |i vSatz | ||
| 951 | |a JV | ||
| ELC | |b 1 | ||
| LOK | |0 000 xxxxxcx a22 zn 4500 | ||
| LOK | |0 001 2873264950 | ||
| LOK | |0 003 DE-627 | ||
| LOK | |0 004 1418195170 | ||
| LOK | |0 005 20151116135025 | ||
| LOK | |0 008 150728||||||||||||||||ger||||||| | ||
| LOK | |0 040 |a DE-21-110 |c DE-627 |d DE-21-110 | ||
| LOK | |0 689 |a s |a Ausländerkriminalität | ||
| LOK | |0 689 |a s |a Kriminalitätsentwicklung | ||
| LOK | |0 689 |a s |a Bewährungshilfe | ||
| LOK | |0 689 |a s |a Frauenstrafvollzug | ||
| LOK | |0 689 |a s |a Gewaltkriminalität | ||
| LOK | |0 689 |a s |a Organisierte Kriminalität | ||
| LOK | |0 689 |a s |a Staatsanwaltschaft | ||
| LOK | |0 689 |a s |a Gefangenenzahlen | ||
| LOK | |0 689 |a s |a Verkehrskriminalität | ||
| LOK | |0 689 |a s |a Japan | ||
| LOK | |0 689 |a s |a Jugendkriminalität | ||
| LOK | |0 689 |a s |a Jugendstrafvollzug | ||
| LOK | |0 689 |a s |a Lebenslängliche | ||
| LOK | |0 689 |a s |a Erledigungsverhalten | ||
| LOK | |0 689 |a s |a Einstellung des Verfahrens | ||
| LOK | |0 852 |a DE-21-110 | ||
| LOK | |0 852 1 |c H IV 21 |m p |9 00 | ||
| LOK | |0 935 |a k110 | ||
| LOK | |0 938 |k p | ||
| LOK | |0 939 |a 28-07-15 |b l01 | ||
| ORI | |a SA-MARC-krimdoka001.raw | ||
| SIG | |a IFK: H IV 21 | ||
